Basic malaria microscopy; Part 2 Tutor's guide
Guardat en:
| Autor principal: | |
|---|---|
| Format: | Llibre |
| Idioma: | Undetermined |
| Publicat: |
Geneva
OMS
|
| Matèries: | |
| Etiquetes: |
Afegir etiqueta
Sense etiquetes, Sigues el primer a etiquetar aquest registre!
|
| Thư viện lưu trữ: | Trung tâm Học liệu Trường Đại học Cần Thơ |
|---|
| LEADER | 00470nam a2200181Ia 4500 | ||
|---|---|---|---|
| 001 | CTU_6988 | ||
| 008 | 210402s9999 xx 000 0 und d | ||
| 082 | |a 616.9362 | ||
| 082 | |b B311m/T2 | ||
| 100 | |a OMS | ||
| 245 | 0 | |a Basic malaria microscopy; Part 2 | |
| 245 | 0 | |b Tutor's guide | |
| 245 | 0 | |c OMS | |
| 260 | |a Geneva | ||
| 260 | |b OMS | ||
| 650 | |a malaria | ||
| 904 | |i Nguyễn Quang Điền, 960830 | ||
| 980 | |a Trung tâm Học liệu Trường Đại học Cần Thơ | ||